Shortest & Longest U.S. Interstates - Statistics

General Stats
  • This quiz has been taken 29 times
  • The average score is 14 of 20
Answer Stats
Distance Interstate % Correct
3,020 90
100%
46 2
93%
2,899 80
93%
1,568 35
89%
2,172 70
89%
2,460 10
86%
1,919 95
86%
2,556 40
82%
1,786 75
82%
1,539 20
79%
63 19
75%
53 11
71%
25 14
68%
1,585 94
64%
12 87 (North Carolina)
54%
76 66
50%
17 97
43%
31 42
39%
85 83
36%
62 86 (Idaho)
36%
No matching quizzes found
Score Distribution
Percent of People with Each Score
Percentile by Number Answered
Your Score History
You have not taken this quiz